Statistics for Neighborhoods of Seattle

Click here to take the quiz!

General Stats

  • This quiz has been taken 141 times
    (96 since last reset)
  • The average score is 32 of 127

Answer Stats

Answer% Correct
Capitol Hill
86%
Ballard
81%
Downtown
81%
Fremont
73%
University District
70%
Queen Anne
68%
West Seattle
65%
Magnolia
64%
International District
61%
Northgate
59%
Belltown
56%
SoDo
56%
Green Lake
55%
South Lake Union
55%
Ravenna
51%
Wallingford
51%
First Hill
50%
Greenwood
50%
Central District
49%
Madrona
49%
Beacon Hill
48%
Columbia City
45%
Eastlake
45%
Georgetown
45%
Lake City
45%
Westlake
45%
Roosevelt
44%
Rainier Beach
41%
Madison Park
39%
Pioneer Square
39%
Interbay
38%
Leschi
38%
Phinney Ridge
38%
Montlake
36%
Delridge
34%
Sand Point
34%
Laurelhurst
31%
Mount Baker
31%
Crown Hill
30%
Lower Queen Anne
30%
Seward Park
28%
Industrial District
26%
Rainier Valley
26%
South Park
26%
Broadview
25%
North Seattle
25%
Bitter Lake
24%
Hillman City
24%
Judkins Park
24%
North Queen Anne
24%
Wedgewood
24%
Maple Leaf
23%
North Beach / Blue Ridge
23%
Broadway
21%
Fauntleroy
21%
Madison Valley
21%
West Queen Anne
21%
Windermere
21%
Cherry Hill / Squire Park
20%
View Ridge
20%
Haller Lake
19%
Northlake
19%
Pinehurst
19%
Whittier Heights
19%
Yesler Terrace
19%
Bryant
18%
Denny Triangle
18%
Lake Union
18%
Loyal Heights
18%
Matthews Beach
18%
North Beacon Hill
18%
South Beacon Hill
18%
Broadmoor
16%
East Queen Anne
16%
North Admiral
16%
West Woodland
16%
Adams
15%
Cedar Park
15%
Portage Bay
15%
Sunset Hill
15%
Harbor Island
14%
Olympic Hills
14%
Gatewood
13%
Genesee
13%
Lawton Park
13%
NewHolly
13%
Atlantic
11%
Fairmount Park
11%
High Point
11%
Meadowbrook
11%
Roxhill
11%
Stevens
11%
University Village
11%
Arbor Heights
10%
Brighton
10%
Cascade
10%
Dunlap
10%
Interlaken
10%
Victory Heights
10%
Washington Park
10%
Harrison / Denny-Blaine
9%
North Delridge
9%
Pigeon Point
9%
Rainier View
9%
Riverview
9%
Seaview
9%
Alki Point
8%
Briarcliff
8%
Central Business District
8%
Hawthorne Hills
8%
Highland Park
8%
Junction
8%
Lakewood
8%
Southeast Magnolia
8%
Mann
6%
Mid Beacon Hill
6%
Pike-Market
6%
Pike-Pine Corridor
6%
South Delridge
6%
Minor
5%
North College Park
5%
Renton Hill
5%
West Edge
5%
Central Seattle
4%
Central Waterfront
4%
Madrona Valley
4%
South End
4%

Score Distribution

Percentile by Number Answered

Percent of People with Each Score

Your Score History

You have not taken this quiz since the last reset